[Event "ROM-ch U18"]
[Site "Calimanesti Caciulata"]
[Date "2019.04.21"]
[Round "8"]
[White "Dringa, Dumitru Constantin"]
[Black "Schneider, Erik"]
[Result "1/2-1/2"]
[WhiteElo "1314"]
[BlackElo "1767"]
[PlyCount "129"]
[EventDate "2019.04.15"]
[EventType "swiss"]
[EventRounds "9"]
[EventCountry "ROU"]
[SourceTitle "CBM 190 Extra"]
[Source "ChessBase"]
[SourceDate "2019.07.15"]
[SourceVersion "1"]
[SourceVersionDate "2019.07.15"]
[SourceQuality "1"]

1. e4 c5 2. Nf3 e6 3. b3 Nf6 4. d3 d5 5. Nbd2 Nc6 6. Bb2 Be7 7. Be2 0-0 8. 0-0 Rb8 9. a4 a6 10. e5 Nd7 11. Re1 b5 12. axb5 axb5 13. c4 bxc4 14. dxc4 d4 15. Bd3 Nb4 16. Qb1 Nxd3 17. Qxd3 Bb7 18. Ne4 h6 19. Bc1 Nb6 20. Bf4 Na8 21. Nd6 Qb6 22. Nd2 f5 23. Qg3 Kh7 24. h4 Qd8 25. h5 Bg5 26. Nf3 Bxf3 27. gxf3 Bxf4 28. Qxf4 Qg5+ 29. Qxg5 hxg5 30. Rab1 Kh6 31. Kg2 Kxh5 32. Rh1+ Kg6 33. f4 Nb6 34. b4 cxb4 35. Rxb4 Nd5 36. cxd5 Rxb4 37. dxe6 Rbb8 38. e7 Rfe8 39. Nxe8 Rxe8 40. fxg5 Kxg5 41. Rd1 Kf4 42. Rxd4+ Kxe5 43. Rd7 g5 44. Kf3 Ke6 45. Ra7 Rxe7 46. Rxe7+ Kxe7 47. Ke3 Ke6 48. f3 Kd5 49. Kd3 Kc5 50. Kc3 Kd5 51. Kd3 f4 52. Kc3 Ke5 53. Kd3 Kf5 54. Ke2 Ke6 55. Kd3 Ke5 56. Ke2 Ke6 57. Kd3 Kd5 58. Kc3 Kc6 59. Kc4 Kd6 60. Kd4 Ke6 61. Ke4 Kf6 62. Kd3 g4 63. fxg4 Kg5 64. Ke2 Kxg4 65. Kf2 1/2-1/2

[Event "ROM-ch U18"]
[Site "Calimanesti Caciulata"]
[Date "2019.04.19"]
[Round "6"]
[White "Cotruta, Alexandru Mihai"]
[Black "Schneider, Erik"]
[Result "1-0"]
[WhiteElo "1897"]
[BlackElo "1767"]
[PlyCount "67"]
[EventDate "2019.04.15"]
[EventType "swiss"]
[EventRounds "9"]
[EventCountry "ROU"]
[SourceTitle "CBM 190 Extra"]
[Source "ChessBase"]
[SourceDate "2019.07.15"]
[SourceVersion "1"]
[SourceVersionDate "2019.07.15"]
[SourceQuality "1"]

1. d4 d5 2. c4 dxc4 3. e3 e5 4. Bxc4 exd4 5. exd4 Bd6 6. Nf3 Nf6 7. 0-0 0-0 8. h3 Nbd7 9. Nc3 Nb6 10. Bb3 c6 11. Bg5 Be7 12. a4 a5 13. Re1 h6 14. Bh4 Bf5 15. Ne5 Nfd5 16. Nxd5 Nxd5 17. Bxd5 Bxh4 18. Bc4 Bg5 19. Qf3 Be6 20. Bxe6 fxe6 21. Qb3 Qxd4 22. Qxe6+ Kh7 23. Qg6+ Kg8 24. Re2 Rf6 25. Qc2 Rd8 26. Rae1 Qb4 27. Re4 Rd4 28. Nd7 Rg6 29. Re8+ Kf7 30. Rf8+ Qxf8 31. Nxf8 Rgd6 32. Nh7 Rd2 33. Qf5+ Kg8 34. Re8# 1-0

[Event "ROM-ch U18"]
[Site "Calimanesti Caciulata"]
[Date "2019.04.17"]
[Round "3"]
[White "Schneider, Erik"]
[Black "Bobocea, Laurentiu Vlad"]
[Result "1/2-1/2"]
[WhiteElo "1767"]
[BlackElo "2021"]
[PlyCount "40"]
[EventDate "2019.04.15"]
[EventType "swiss"]
[EventRounds "9"]
[EventCountry "ROU"]
[SourceTitle "CBM 190 Extra"]
[Source "ChessBase"]
[SourceDate "2019.07.15"]
[SourceVersion "1"]
[SourceVersionDate "2019.07.15"]
[SourceQuality "1"]

1. d4 d5 2. Nc3 Nf6 3. Bf4 a6 4. e3 Bf5 5. Nf3 e6 6. a3 c5 7. Ne5 Nbd7 8. g4 cxd4 9. exd4 Nxe5 10. gxf5 Nc6 11. fxe6 fxe6 12. Qd2 Bd6 13. Rg1 0-0 14. Bxd6 Qxd6 15. Qg5 Rf7 16. 0-0-0 b5 17. Qg3 Qxg3 18. hxg3 Ng4 19. f4 Ne3 20. Rd3 Nf5 1/2-1/2

[Event "ROM-ch U16"]
[Site "Calimanesti"]
[Date "2018.03.27"]
[Round "1"]
[White "Isfan, Ioan Marius"]
[Black "Schneider, Erik"]
[Result "1-0"]
[WhiteElo "2062"]
[BlackElo "1728"]
[PlyCount "65"]
[EventDate "2018.03.27"]
[EventType "swiss"]
[EventRounds "9"]
[EventCountry "ROU"]
[SourceTitle "CBM 183 Extra"]
[Source "ChessBase"]
[SourceDate "2018.04.19"]
[SourceVersion "1"]
[SourceVersionDate "2018.04.19"]
[SourceQuality "1"]

1. d4 d5 2. Nf3 e6 3. c4 c6 4. Qc2 Bd6 5. Nbd2 Nf6 6. e4 dxe4 7. Nxe4 Nxe4 8. Qxe4 Nd7 9. Qc2 Nf6 10. Bd3 h6 11. 0-0 0-0 12. b3 c5 13. Bb2 b6 14. dxc5 Bxc5 15. Rad1 Qe7 16. Rfe1 Bb7 17. Nd4 Nh5 18. Bh7+ Kh8 19. Be4 Bxe4 20. Qxe4 Qg5 21. Nc6 Nf6 22. Qf3 Ng4 23. Bd4 Bxd4 24. Rxd4 Nf6 25. h4 Qg6 26. Ne5 Qc2 27. Nxf7+ Kg8 28. Nxh6+ gxh6 29. Rxe6 Qxa2 30. Rxf6 Qa1+ 31. Kh2 Rxf6 32. Qxf6 Qb1 33. Rg4+ 1-0

[Event "ROM-ch U14"]
[Site "Calimanesti"]
[Date "2015.04.02"]
[Round "4"]
[White "Schneider, Erik"]
[Black "Muntianu, Razvan Gavril"]
[Result "0-1"]
[WhiteElo "1620"]
[BlackElo "1778"]
[PlyCount "84"]
[EventDate "2015.03.30"]
[EventType "swiss"]
[EventRounds "9"]
[EventCountry "ROU"]
[SourceTitle "CBM 165 Extra"]
[Source "ChessBase"]
[SourceDate "2015.04.21"]
[SourceVersion "1"]
[SourceVersionDate "2015.04.21"]
[SourceQuality "1"]

1. e4 c5 2. c3 e6 3. d4 d5 4. Nd2 Nc6 5. Ngf3 Qb6 6. exd5 exd5 7. Nb3 c4 8. Nbd2 Nf6 9. b3 cxb3 10. axb3 Bf5 11. Ba3 Bxa3 12. Rxa3 0-0 13. Be2 Rac8 14. 0-0 Rfe8 15. Re1 h6 16. b4 a6 17. Nb3 Ne4 18. Nc5 Nd6 19. Bd3 Bxd3 20. Qxd3 Rxe1+ 21. Nxe1 Re8 22. Nf3 Ne4 23. Nxe4 Rxe4 24. h3 Re8 25. Ra2 Na7 26. Ne5 Nc6 27. Nxc6 Qxc6 28. Ra5 b5 29. Ra1 Re6 30. Kf1 g6 31. g3 Qd7 32. Kg2 Qc6 33. Rc1 Re7 34. Ra1 Kg7 35. Ra3 Re6 36. Ra1 Re8 37. Qf3 Re6 38. h4 Rf6 39. Qg4 Qxc3 40. Rb1 Qc2 41. Qd1 Rxf2+ 42. Kh3 Rh2+ 0-1

[Event "ROM-ch U12"]
[Site "Calimanesti"]
[Date "2014.04.09"]
[Round "5"]
[White "Schneider, Erik"]
[Black "Ungureanu, Alexandru Daniel"]
[Result "1-0"]
[WhiteElo "1615"]
[BlackElo "1527"]
[PlyCount "83"]
[EventDate "2014.04.06"]
[EventType "swiss"]
[EventRounds "9"]
[EventCountry "ROU"]
[SourceTitle "CBM 160 Extra"]
[Source "ChessBase"]
[SourceDate "2014.07.01"]
[SourceVersion "1"]
[SourceVersionDate "2014.07.01"]
[SourceQuality "1"]

1. e4 d6 2. d4 g6 3. c3 Bg7 4. h3 a6 5. Nf3 b5 6. a4 bxa4 7. Qxa4+ Bd7 8. Qb3 e6 9. Be3 Ne7 10. Bd3 0-0 11. 0-0 a5 12. Nbd2 Nbc6 13. Nh2 d5 14. e5 Nf5 15. Bxf5 gxf5 16. Qd1 Be8 17. Kh1 f6 18. f4 fxe5 19. fxe5 Bg6 20. Bf4 Qe7 21. Ndf3 Bh5 22. Qd2 Kh8 23. Bh6 Rg8 24. Bg5 Qd7 25. Nh4 Ne7 26. Ra2 Ng6 27. Nxg6+ Bxg6 28. Rfa1 Qb5 29. Ra4 Rgb8 30. b4 Be8 31. Rxa5 Rxa5 32. Rxa5 Qb6 33. Bf6 Bg6 34. Nf3 Kg8 35. Qg5 Qc6 36. Bxg7 Kxg7 37. Rc5 Qd7 38. Qf6+ Kg8 39. Ng5 Re8 40. b5 Re7 41. Rc6 Be8 42. Nxe6 1-0